00446 2200181 4500001002100000005001500021008004100036020002200077035001900099041000700118082001000125090001600135100002100151245001200172260003500184300002900219650001600248INLIS00000000000392420241224112820241224||||||||| | ||| |||| || |  a978-602-0832-03-6 0010-1224003924 aid0 a372.7 a372.7 NYO b0 aNyoman Sri Utami00aBerapa? aJakartabUSAID Prioritasc2015 a16 hlm. : ilus, ; 16 cm. 0aIlmu Sosial